[Event "Rome Accademia Autumn"]
[Site "Rome"]
[Date "2010.10.09"]
[Round "2"]
[White "Scagliarini, Bruno"]
[Black "Fargnoli, Maurizio"]
[Result "1/2-1/2"]
[WhiteElo "1906"]
[BlackElo "1678"]
[PlyCount "95"]
[EventDate "2010.10.08"]
[EventType "swiss"]
[EventRounds "5"]
[EventCountry "ITA"]
[SourceTitle "EXT 2024"]
[Source "ChessBase"]
[SourceDate "2023.10.10"]
[SourceVersion "1"]
[SourceVersionDate "2023.10.10"]
[SourceQuality "1"]

1. c4 g6 2. d4 Bg7 3. Nf3 d6 4. g3 Nf6 5. Bg2 c5 6. 0-0 cxd4 7. Nxd4 0-0 8. Nc3 a6 9. e3 Qc7 10. b3 Bg4 11. Qd2 Nc6 12. h3 Be6 13. Bb2 Rad8 14. Nd5 Bxd5 15. cxd5 Ne5 16. Rac1 Qb8 17. Rc2 Rc8 18. Rfc1 g5 19. Nf5 Ng6 20. Nxg7 Kxg7 21. f4 gxf4 22. exf4 e5 23. dxe6 fxe6 24. Qd4 Rxc2 25. Rxc2 e5 26. fxe5 dxe5 27. Qb6 Rf7 28. Qe6 Qd8 29. Qc4 h5 30. Qe2 Kh7 31. Kh2 Qe7 32. Bf3 h4 33. gxh4 e4 34. Bxf6 Qd6+ 35. Kh1 exf3 36. Qxf3 Qxf6 37. Qxf6 Rxf6 38. Rc7+ Kh6 39. Rxb7 Nxh4 40. a4 Kh5 41. Kg1 Rf3 42. Rh7+ Kg5 43. Rg7+ Kf6 44. Ra7 Rxh3 45. Rxa6+ Kf7 46. Rb6 Nf5 47. a5 Rh8 48. b4 1/2-1/2